Three Real and One Fake - Parks and Rec - Statistics

General Stats
  • This quiz has been taken 167 times
  • The average score is 9 of 15
Answer Stats
Question Answer % Correct
Quotes by Ron Swanson I wanted to make fun of stupid people while I get drunk. My two true passions.
90%
MCU Actors who have guest starred in the show Tom Holland
88%
Actors in the main cast Cobie Smulders
86%
Ended the series married Tom Haverford
83%
Appeared in every season Chris Traeger
81%
Episode Titles My Screw Up
74%
Band names which Andy performed under Hep Alien
67%
Political figures who have appeared on the show Hillary Clinton
62%
Executive Producers Jim O'Heir
50%
US States filmed in New Jersey
45%
Received a score above 85% on Rotten Tomatoes Season 1
36%
Improvised lines Call an ambulance! A different ambulance! The one I ran into!
33%
Years in which the show was nominated for an Emmy 2016
24%
Extended Episodes Woman of the Year
21%
Ron's significant others Wendy
14%
No matching quizzes found
Score Distribution
Percent of People with Each Score
Percentile by Number Answered
Your Score History
You have not taken this quiz